AP English Literature and Composition: With 7 Practice Tests / (Record no. 50446)
| 000 -LEADER | |
|---|---|
| fixed length control field | 00426nam a2200109 4500 |
| 020 ## - INTERNATIONAL STANDARD BOOK NUMBER | |
| International Standard Book Number | 9781438012872 |
| 100 ## - MAIN ENTRY--PERSONAL NAME | |
| Personal name | Ehrenhaft, George, |
| Relator term | author. |
| 9 (RLIN) | 72801 |
| 245 ## - TITLE STATEMENT | |
| Title | AP English Literature and Composition: With 7 Practice Tests / |
| Remainder of title | Barron's: The trusted name in test prep. |
| Statement of responsibility, etc | by George Ehrenhaft. |
| 260 ## - PUBLICATION, DISTRIBUTION, ETC. (IMPRINT) | |
| Name of publisher, distributor, etc | Barrons Educational Services: |
| Date of publication, distribution, etc | February 4, 2020. |
| 300 ## - PHYSICAL DESCRIPTION | |
| Extent | 336 pages. |
| Dimensions | 8.38 x 0.9 x 10.88 inches. |
| 942 ## - ADDED ENTRY ELEMENTS (KOHA) | |
| Source of classification or shelving scheme | |
| Koha item type | Book |
| Withdrawn status | Lost status | Source of classification or shelving scheme | Damaged status | Not for loan | Home library | Current library | Date acquired | Full call number | Barcode | Date last seen | Price effective from | Koha item type |
|---|---|---|---|---|---|---|---|---|---|---|---|---|
| Logos International School | Logos International School | 04/28/2026 | C&C 808.042 GEO | 040961 | 04/29/2026 | 04/28/2026 | Book |